000
00206nam a2200097Ia 4500
008
220204s9999 xx 000 0 und d
082
_a
82-3
_b
KAF
100
_a
Kafka, Franz
245
0
_a
America
942
_c
BK
999
_c
38561
_d
38561